01239nam a2200349Ia 4500001001200000003000800012006001900020007001500039008004100054010001700095020001500112020001500127020001800142040002100160035002100181050002500202082001600227100003200243245009200275250001200367260003500379300002300414504005100437533015200488650001300640650001200653655002900665700003500694710001700729856012600746999001700872ebr10138222CaPaEBRm u cr cn|||||||||051101s2006 ne a sb 001 0 eng d z 2005055205 z0123705355 z0080455077 z9780123705358 aCaPaEBRcCaPaEBR a(OCoLC)64754549014aQC145.2b.H36 2006eb04a530.4/22221 aHansen, Jean-Pierre,d1942-10aTheory of simple liquidsh[electronic resource] /cJean-Pierre Hansen, Ian R. McDonald. a3rd ed. aAmsterdam :bElsevier,cc2006. axi, 416 p. :bill. aIncludes bibliographical references and index. aElectronic reproduction.bPalo Alto, Calif. :cebrary,d2011.nAvailable via World Wide Web.nAccess may be limited to ebrary affiliated libraries. 0aLiquids. 0aFluids. 7aElectronic books.2local1 aMcDonald, Ian R.q(Ian Ranald)2 aebrary, Inc.40uhttp://site.ebrary.com/lib/rucke/Doc?id=10138222zAn electronic book accessible through the World Wide Web; click to view c83058d83058